Advanced Computer-aided Fixture Design

Gespeichert in:
Bibliographische Detailangaben
Hauptverfasser: Rong, Yiming (Kevin) (Verfasst von), Huang, Samuel H. (Verfasst von), Hou, Zhikun (Verfasst von)
Format: Buch
Sprache:Englisch
Veröffentlicht: Burlington : Elsevier Academic Press, 2005
Tags: Tag hinzufügen
Keine Tags, Fügen Sie das erste Tag hinzu!

MARC

LEADER 00000nam a22000003a 4500
001 stu258404
005 20190206122837.5
008 121203s2005----xxu-----------------eng-d
020 |a 0-12-594751-8 
040 |a STU  |b slo 
041 0 |a eng 
044 |a xxu 
100 1 |a Rong, Yiming (Kevin)  |4 aut 
245 1 |a Advanced Computer-aided Fixture Design 
260 |a Burlington :  |b Elsevier Academic Press,  |c 2005 
300 |a 414 s 
700 1 |a Huang, Samuel H.  |4 aut 
700 1 |a Hou, Zhikun  |4 aut 
996 |b 284M081730  |c M*13345-1  |l MMKN  |s A  |a 24  |w stu258404_0001